Normale Ansicht MARC-Ansicht ISBD

Omskoe kraevedenie 1930-1960 godov : (Titelsatznr. 43456)

[ MARC ]
MARC-Details
000 -Satzkennung
Kontrollfeld mit fester Länge 00543nac a22002171ca4500
001 - Kontrollnummer
Kontrollfeld a987663002
008 - Feld mit fester Länge zur physischen Beschreibung - Allgemeine Angaben
Kontrollfeld mit fester Länge 170707s1998 gw |||| 000u rus d
041 ## - Sprachcode
Sprachcode des Textes/der Tonspur oder des separaten Titels rus
040 ## - Katalogisierungsquelle
Übertragungsstelle RU-10907106
003 - Kontrollnummer Identifier
Kontrollfeld RU-10907106
100 1# - Haupteintragung - Personenname
Personenname Remizov, A. V.
245 00 - Titel
Titel Omskoe kraevedenie 1930-1960 godov :
Zusatz zum Titel očerk istorii
264 ## - Produktion, Veröffentlichung, Distribution, Herstellung und Urheberrechtsvermerk
Herstellungs-, Veröffentlichungs- Vertriebs-, Erzeugungsort Omsk :
Produzent, Herausgeber, Distributor, Hersteller Izd. OmGU,
Datum der Herstellung, der Veröffentlichung, des Vertriebs oder des Urheberschutzvermerks 1998
650 #0 - Nebeneintragung unter einem Schlagwort - Sachschlagwort
Sachschlagwort oder geografischer Name als Eintragungselement Geschichtswissenschaft
650 #0 - Nebeneintragung unter einem Schlagwort - Sachschlagwort
Sachschlagwort oder geografischer Name als Eintragungselement Heimatkunde
651 #0 - Nebeneintragung unter einem Schlagwort - Geografischer Name
Geografischer Name Sibirien
651 #0 - Nebeneintragung unter einem Schlagwort - Geografischer Name
Geografischer Name Westsibirien
710 2# - Nebeneintragung - Körperschaftsname
Körperschafts- oder Gebietskörperschaftsname als Eintragungselement Omskij gos. universitet
942 ## - Zusätzliche Felder (Koha)
Koha-Medientyp Monographien
Exemplare
Ausgeschieden Verloren Beschädigt Nicht entleihbar Heimatbibliothek Aufenthaltsbibliothek Aufstellungsort Erwerbungsdatum Inventarnummer Signatur Barcode Letzte Aktivität Preis gültig von Koha-Medientyp
        MWN Osteuropa MWN Osteuropa Magazin - 2 07/07/2017 09-01456 R 60 n Sibir 6 (Bde.) 43466 23/02/2021 22/03/2021 Monographien